Betancourt, violador de los derechos humanos (Record no. 110285)

MARC details
000 -LEADER
campo de control de longitud fija 01396cam a2200361Ii 4500
001 - NÚMERO DE CONTROL
campo de control 37760
005 - FECHA Y HORA DE LA ÚLTIMA TRANSACCIÓN
campo de control 20230411085955.0
007 - CAMPO FIJO DE DESCRIPCIÓN FÍSICA--INFORMACIÓN GENERAL
campo de control de longitud fija hd afa012bacp
007 - CAMPO FIJO DE DESCRIPCIÓN FÍSICA--INFORMACIÓN GENERAL
campo de control de longitud fija hd bfa012babp
007 - CAMPO FIJO DE DESCRIPCIÓN FÍSICA--INFORMACIÓN GENERAL
campo de control de longitud fija hd bfa012baap
008 - DATOS DE LONGITUD FIJA--INFORMACIÓN GENERAL
campo de control de longitud fija 920430s1961 nq a 000 0 spa d
035 ## - NÚMERO DE CONTROL DEL SISTEMA
Número de control de sistema (OCoLC)ocm25739511
040 ## - FUENTE DE CATALOGACIÓN
Centro catalogador/agencia de origen NDD
Centro/agencia transcriptor NDD
Centro/agencia modificador OCL
-- OCLCQ
035 ## - NÚMERO DE CONTROL DEL SISTEMA
Número de control de sistema (OCoLC)25739511
037 ## - FUENTE DE ADQUISICIÓN
Fuente del número de adquisición Perkins Library, Duke University, Durham, N.C. 27706
043 ## - CÓDIGO DE ÁREA GEOGRÁFICA
Código de área geográfica s-ve---
049 ## - FONDOS LOCALES (OCLC)
Biblioteca depositaria LTNA
100 1# - ENTRADA PRINCIPAL--NOMBRE DE PERSONA
Nombre de persona Rojas, Pedro José.
245 10 - MENCIÓN DEL TÍTULO
Título Betancourt, violador de los derechos humanos
Medio [microform] =
Resto del título Betancourt : violator of human rights /
Mención de responsabilidad, etc. Pedro José Rojas.
260 ## - PUBLICACIÓN, DISTRIBUCIÓN, ETC.
Lugar de publicación, distribución, etc. Managua :
Nombre del editor, distribuidor, etc. [s.n.],
Fecha de publicación, distribución, etc. 1961.
300 ## - DESCRIPCIÓN FÍSICA
Extensión 25 p. ;
Dimensiones 23 cm.
500 ## - NOTA GENERAL
Nota general Text in Spanish and English.
500 ## - NOTA GENERAL
Nota general Printing Master 6855.
500 ## - NOTA GENERAL
Nota general Master Negative SOL MN01835.07 NDD.
533 ## - NOTA DE REPRODUCCIÓN
Tipo de reproducción Microfilm.
Lugar de la reproducción Atlanta, Ga. :
Institución responsable de la reproducción SOLINET,
Fecha de la reproducción 1992.
Descripción física de la reproducción 1 microfilm reel ; 35 mm.
Mención de serie de la reproducción (SOLINET/ASERL Cooperative Microfilming Project (NEH PS-20317) ; SOL MN01835.07 NDD).
Datos de longitud fija sobre la reproducción s1992 gaun a
600 10 - PUNTO DE ACCESO ADICIONAL DE MATERIA--NOMBRE DE PERSONA
Nombre de persona Betancourt, Rómulo,
Fechas asociadas al nombre 1908-1981.
650 #0 - PUNTO DE ACCESO ADICIONAL DE MATERIA--TÉRMINO DE MATERIA
Término de materia o nombre geográfico como elemento de entrada Civil rights
Subdivisión geográfica Venezuela.
710 2# - ENTRADA AGREGADA--NOMBRE DE ENTIDAD CORPORATIVA
Nombre de entidad corporativa o nombre de jurisdicción como elemento de entrada Organization of American States.
Unidad subordinada Committee of Human Rights.
740 01 - ENTRADA AGREGADA--TÍTULO RELACIONADO/ANALÍTICO NO CONTROLADO
Título relacionado o analítico no controlado Betancourt: violator of human rights.
830 #0 - PUNTO DE ACCESO ADICIONAL DE SERIE-TÍTULO UNIFORME
Título uniforme SOLINET/ASERL Cooperative Microfilming Project (NEH PS-20317) ;
Designación de volumen o secuencia SOL MN01835.07 NDD.
942 ## - ELEMENTOS DE ENTRADA SECUNDARIOS (KOHA)
Fuente del sistema de clasificación o colocación Clasificación de Library of Congress
Tipo de ítem Koha
994 ## -
-- C0
-- LTN
Holdings
Estatus retirado Estado de pérdida Fuente del sistema de clasificación o colocación Estado de daño No para préstamo Colección Biblioteca de origen Biblioteca actual Ubicación en estantería Fecha de adquisición Código de barras Visto por última vez Copia número Tipo de ítem Koha
    Clasificación de Library of Congress     Automatización y Procesos Técnicos Biblioteca Juan Bosch Biblioteca Juan Bosch Automatización y Procesos Técnicos (1er. Piso) 11/04/2023 00000039045 17/02/2019 1